| 000 | 00606pam a2200181 a 4500 | ||
|---|---|---|---|
| 020 | _a0819190616 (cloth : alk. paper) | ||
| 020 | _a0819190624 (pbk. : alk. paper) | ||
| 040 | _cDLC | ||
| 082 | 0 | 0 | _a330 UNI 1993 A020 Or. |
| 100 | 1 | _aSakakibara, Eisuke. | |
| 245 | 1 | 0 |
_aBeyond capitalism : _bthe Japanese model of market economics / |
| 260 |
_aLanham, MD : _bUniversity Press of America, _c1993. |
||
| 300 |
_axxi, 162 p. : _bill. ; _c24 cm. |
||
| 500 | _a"Co-published by arrangement with the Economic Strategy Institute"--T.p. verso. | ||
| 650 | 0 | _aCapitalism | |
| 650 | 0 | _aMixed economy | |
| 942 | _cEK | ||
| 999 |
_c12769 _d12769 |
||